Statistics for Last 10 U.S. State Capitals Alphabetically

Click here to take the quiz!

General Stats

  • This quiz has been taken 25 times
  • The average score is 4 of 10

Answer Stats

Capital% Correct
Tallahassee
71%
Sacramento
64%
Saint Paul
50%
Salem
36%
Salt Lake City
36%
Santa Fe
36%
Trenton
36%
Richmond
29%
Springfield
29%
Topeka
21%

Score Distribution

Percentile by Number Answered

Percent of People with Each Score

Your Score History

You have not taken this quiz